| 000 | 00639nam a2200169 i 4500 | ||
|---|---|---|---|
| 001 | 65873 | ||
| 003 | ES-MaACL | ||
| 007 | t| | ||
| 008 | 040122s1952 mx ||||1| spa d | ||
| 100 | 1 |
_aFulton, John Farquhar. _953014 |
|
| 245 | 1 | 0 |
_aFisiología del sistema nervioso / _cJohn F. Fulton ; traducido de la tercera edición inglesa, revisada especialmente adaptada para la edición española por Jaime Pisunyer. |
| 250 | _a[2ª ed. española]. | ||
| 260 |
_aMéxico : _bAtlante, _c1952 ( _fImp. Nuevo Mundo) |
||
| 300 |
_aXV, 666 p., 1 lám. : _bil. ; _c24 cm. |
||
| 700 | 1 |
_aPisunyer, Jaime. _992388 |
|
| 852 |
_aES-MaACL _jC-5900 _bR.35221 |
||
| 999 |
_c65873 _d65873 |
||